| 000 | 01134nam0a22002651 4500 | ||
|---|---|---|---|
| 001 | rc\89916 | ||
| 005 | 20250612175337.0 | ||
| 035 | _a(NLR Aleph) 008764905 | ||
| 090 |
_a7888061 _c7888061 |
||
| 100 | _a20021216d1991 |||y0rusy50 ca | ||
| 101 | 0 | _arus | |
| 102 | _aRU | ||
| 105 | _aa ||||||||| | ||
| 200 | 1 |
_aРазработка новых технологических процессов для заводов алюминиевой промышленности _eСб. науч. тр. _fКонцерн "Алюминий", Всерос. Н.-и. и проект. ин-т алюминиевой, магниевой и электрод. пром-сти ВАМИ _g[Редкол...: Н.Н. Тихонов (отв. ред.)] |
|
| 210 |
_aСПб. _cВАМИ _d1991 |
||
| 215 |
_a111 с. _cил. _d20 |
||
| 320 | _aБиблиогр. в конце ст. | ||
| 333 | _aДСП. Экз. № 296 | ||
| 606 | 1 |
_aАлюминий _xПроизводство _jСборники _2nlr_sh1 |
|
| 801 | 0 |
_aRU _bNLR _gpsbo |
|
| 801 | 1 |
_aRU _bELAR _2rusmarc |
|
| 801 | 2 |
_aRU _bNLR _c20050427 _2rusmarc |
|
| 852 |
_aNLR _j92-50К/928 |
||
| 942 | _cBOOK | ||
| 980 | _aNB | ||